It's not easy being green (Record no. 65473)

MARC details
000 -LEADER
fixed length control field 01491cam a2200265 4500
001 - CONTROL NUMBER
control field ABS63127
008 - FIXED-LENGTH DATA ELEMENTS--GENERAL INFORMATION
fixed length control field 000000n2000 000 0 eng u
035 ## - SYSTEM CONTROL NUMBER
System control number (Sirsi) u109674
100 ## - MAIN ENTRY--PERSONAL NAME
Personal name Smith, K.
245 ## - TITLE STATEMENT
Title It's not easy being green
260 ## - PUBLICATION, DISTRIBUTION, ETC.
Date of publication, distribution, etc. 2000
490 ## - SERIES STATEMENT
Series statement Property Week
Volume/sequential designation 65(46) 24 November 2000, 90-91(2)
520 ## - SUMMARY, ETC.
Summary, etc. In the light of The Hague climate change conference, article looks at how far property developers, investors and occupiers are prepared to go to address green issues. Companies like Hammerson promote environmentally friendly construction techniques, but stop short of new energy efficiency designs. For occupiers, energy efficiency is often a low priority, falling behind commercial considerations such as car parking and speed of completion. Suggests that initiatives like the Property Environment Group (PEG) are a step in the right direction, and pressure from clients will eventually persuade developers, investors, and surveying firms to become environmentally aware. Brief descriptions of the BRE Environment Building and Grosvenor place, which both incorporate energy efficient designs.
590 ## - LOCAL NOTE (RLIN)
Local note ABS
650 ## - SUBJECT ADDED ENTRY--TOPICAL TERM
Topical term or geographic name entry element PROPERTY INDUSTRY
650 ## - SUBJECT ADDED ENTRY--TOPICAL TERM
Topical term or geographic name entry element Sustainability
9 (RLIN) 6271
650 ## - SUBJECT ADDED ENTRY--TOPICAL TERM
Topical term or geographic name entry element ENERGY EFFICIENCY
650 ## - SUBJECT ADDED ENTRY--TOPICAL TERM
Topical term or geographic name entry element OCCUPIERS
650 ## - SUBJECT ADDED ENTRY--TOPICAL TERM
Topical term or geographic name entry element ENVIRONMENTALLY FRIENDLY
650 ## - SUBJECT ADDED ENTRY--TOPICAL TERM
Topical term or geographic name entry element PROPERTY ENVIRONMENT GROUP
650 ## - SUBJECT ADDED ENTRY--TOPICAL TERM
Topical term or geographic name entry element BRE
650 ## - SUBJECT ADDED ENTRY--TOPICAL TERM
Topical term or geographic name entry element BREEAM RATING
690 ## - LOCAL SUBJECT ADDED ENTRY--TOPICAL TERM (OCLC, RLIN)
Topical term or geographic name as entry element BUILT ENVIRONMENT-SUSTAINABLE CONSTRUCTION
942 ## - ADDED ENTRY ELEMENTS (KOHA)
Suppress in OPAC 0
Holdings
Withdrawn status Lost status Source of classification or shelving scheme Damaged status Not for loan Home library Current library Shelving location Date acquired Total Checkouts Full call number Barcode Date last seen Copy number Price effective from Koha item type
    Dewey Decimal Classification     London London Journal article 04/12/2000   ABS63127 109674-1001 06/08/2019 1 06/08/2019 Journal article